书目信息 |
| 题名: |
当代中国的农业机械化
|
|
| 作者: | ;当代中国的农业机械化编辑部 编 | |
| 分册: | ||
| 出版信息: | 北京 中国社会科学出版社 1991.2 |
|
| 页数: | 469页 | |
| 开本: | 21cm | |
| 丛书名: | 当代中国丛书 | |
| 单 册: | ||
| 中图分类: | S23 | |
| 科图分类: | ||
| 主题词: | ||
| 电子资源: | ||
| ISBN: | ||
| 000 | 00594nam0 2200193 45 | |
| 001 | 0181011809 | |
| 005 | 20061122160036.18 | |
| 010 | @b精装@dCNY15.70 | |
| 100 | @a20810111d km y0chiy0120 ea | |
| 101 | 0 | @achi |
| 105 | @a z 000yy | |
| 200 | 1 | @a当代中国的农业机械化@Adang dai zhong guo de nong ye ji xie hua@f当代中国的农业机械化编辑部编@Fdang dai zhong guo de nong ye@b参考工具 |
| 210 | @a北京@c中国社会科学出版社@d1991.2 | |
| 215 | @a469页@d21cm | |
| 225 | @a当代中国丛书 | |
| 690 | @aS23 | |
| 711 | 02 | @a当代中国的农业机械化编辑部@4编 |
| 801 | @aCN@bTSTC@c20061122 | |
| 905 | @dS23@e5 | |
| 当代中国的农业机械化/当代中国的农业机械化编辑部编[参考工具].-北京:中国社会科学出版社,1991.2 |
| 469页;21cm.-(当代中国丛书) |
| ISBN (精装):CNY15.70 |
| ● |
| 相关链接 |
|
|
|
|
正题名:当代中国的农业机械化
索取号:S23/5
 
预约/预借
| 序号 | 登录号 | 条形码 | 馆藏地/架位号 | 状态 | 备注 |
| 1 | 0250794 | 000717969 | 第二样本阅览室/ [索取号:S23/5] | 在馆 |